00183 a2200085 450000100060000008200160000610000130002224500330003526000290006863373 a005.133 PER aPerry, G aC by Example Vol IIhEnglish bPrentic Hall Publication